<?xml version="1.0" encoding="UTF-8"?><?xml-stylesheet type="text/xsl" href="static/style.xsl"?><OAI-PMH xmlns="http://www.openarchives.org/OAI/2.0/" xmlns:xsi="http://www.w3.org/2001/XMLSchema-instance" xsi:schemaLocation="http://www.openarchives.org/OAI/2.0/ http://www.openarchives.org/OAI/2.0/OAI-PMH.xsd"><responseDate>2026-06-01T01:22:04Z</responseDate><request verb="GetRecord" identifier="oai:riuma.uma.es:10630/11505" metadataPrefix="marc">https://riuma.uma.es/rest/oai/request</request><GetRecord><record><header><identifier>oai:riuma.uma.es:10630/11505</identifier><datestamp>2026-02-03T12:17:50Z</datestamp><setSpec>com_10630_2254</setSpec><setSpec>col_10630_37959</setSpec></header><metadata><record xmlns="http://www.loc.gov/MARC21/slim" xmlns:dcterms="http://purl.org/dc/terms/" xmlns:doc="http://www.lyncode.com/xoai" xmlns:xsi="http://www.w3.org/2001/XMLSchema-instance" xsi:schemaLocation="http://www.loc.gov/MARC21/slim http://www.loc.gov/standards/marcxml/schema/MARC21slim.xsd">
   <leader>00925njm 22002777a 4500</leader>
   <datafield ind2=" " ind1=" " tag="042">
      <subfield code="a">dc</subfield>
   </datafield>
   <datafield ind2=" " ind1=" " tag="720">
      <subfield code="a">Sanz Lobera, Alfredo</subfield>
      <subfield code="e">author</subfield>
   </datafield>
   <datafield ind2=" " ind1=" " tag="260">
      <subfield code="c">2016-05-26</subfield>
   </datafield>
   <datafield ind2=" " ind1=" " tag="520">
      <subfield code="a">En la Conferencia se presentan los aspectos más destacados del proceso de fabricación de Moldeo por Transferencia de Resina (RTM) y sus aplicaciones en la industria aeronáutica. Para ello, se analizan los materiales compuestos de uso más mayoritario en la industria aeronáutica y los procesos de fabricación más frecuentes, desarrollándose con mayor extensión el denominado moldeo por transferencia de resina (RTM), en el que se analizan sucesivamente los aspectos relativos a la preforma, la resina, el molde y el proceso de inyección. A modo de aplicación se presentan diferentes ejemplos reales de aplicación de este proceso realizados en el Laboratorio de Fabricación Aeroespacial de la Universidad Politécnica de Madrid</subfield>
   </datafield>
   <datafield ind1="8" ind2=" " tag="024">
      <subfield code="a">http://hdl.handle.net/10630/11505</subfield>
   </datafield>
   <datafield tag="653" ind2=" " ind1=" ">
      <subfield code="a">Materiales</subfield>
   </datafield>
   <datafield ind2="0" ind1="0" tag="245">
      <subfield code="a">El proceso de fabricación de Moldeo por Transferencia de Resina (RTM) y sus aplicaciones en la industria aeronáutica</subfield>
   </datafield>
</record>
</metadata></record></GetRecord></OAI-PMH>